| 000 | 00806cam a2200205 4500 | ||
|---|---|---|---|
| 001 | WB3740-14 | ||
| 008 | 011023n2001 000 0 eng u | ||
| 035 | _a(Sirsi) u115247 | ||
| 245 | _aBright future for UK households | ||
| 260 | _c2001 | ||
| 490 |
_aDTI News Release _v(P/2001/575) 22 October 2001 (7) |
||
| 520 | _aBrian Wilson, Minister for Energy launches the reality of solar energy to almost 400 UK households. Across the UK 23 sun powered housing developments will be built, each having been awarded a share of a £4m Government grant. | ||
| 590 | _aWB | ||
| 650 | _aSOLAR ENERGY | ||
| 650 | _aHOUSING DEVELOPMENTS | ||
| 650 | _aRENEWABLE ENERGY | ||
| 650 | _aPHOTOVOLTAIC ROOFING TILES | ||
| 690 | _aENVIRONMENTAL AND LAND CONSULTANCY-ENERGY-ENERGY USE-ENERGY EFFICIENCY | ||
| 942 | _n0 | ||
| 999 |
_c68633 _d68633 |
||